The Connoisseur's Guide To Eating Out In Pune 2013 (Record no. 332191)
[ view plain ]
| 000 -LEADER | |
|---|---|
| fixed length control field | 00526nam a2200169Ia 4500 |
| 008 - FIXED-LENGTH DATA ELEMENTS--GENERAL INFORMATION | |
| fixed length control field | 230718s9999 xx 000 0 und d |
| 020 ## - INTERNATIONAL STANDARD BOOK NUMBER | |
| International Standard Book Number | 9789350096559 |
| 041 ## - LANGUAGE CODE | |
| Language code of text/sound track or separate title | eng |
| 082 ## - DEWEY DECIMAL CLASSIFICATION NUMBER | |
| Classification number | 641.3'547'54 |
| Item number | PAR |
| 100 ## - MAIN ENTRY--PERSONAL NAME | |
| Personal name | Parnaik N.S. (Compiler) |
| 9 (RLIN) | 194466 |
| 245 ## - TITLE STATEMENT | |
| Title | The Connoisseur's Guide To Eating Out In Pune 2013 |
| 260 ## - PUBLICATION, DISTRIBUTION, ETC. (IMPRINT) | |
| Date of publication, distribution, etc. | 2013 |
| Name of publisher, distributor, etc. | Hachette |
| 300 ## - PHYSICAL DESCRIPTION | |
| Extent | 328 |
| 365 ## - TRADE PRICE | |
| Currency code | Rs. |
| Price amount | 499.00 |
| 700 ## - ADDED ENTRY--PERSONAL NAME | |
| Personal name | Parnaik N.S. (Compiler) & Yadav V. (Compiler) |
| 9 (RLIN) | 194467 |
| 906 ## - LOCAL DATA ELEMENT F, LDF (RLIN) | |
| d | O:0333014-Mar-2013B:284408-Mar-2013 |
| c | GENRL |
| b | 109.78 |
| Withdrawn status | Lost status | Damaged status | Not for loan | Home library | Current library | Date acquired | Vendor | Budget Code | Cost, normal purchase price | Bill number | Total Checkouts | Full call number | Barcode | Date last seen | Date last checked out | Discount | Cost, replacement price | Bill Date | Koha item type | Original Barcode |
|---|---|---|---|---|---|---|---|---|---|---|---|---|---|---|---|---|---|---|---|---|
| Cummins College of Engineering for Women Pune | Cummins College of Engineering for Women Pune | 14/03/2013 | Technical Book Services | GENRL | 389.22 | 2844 | 1 | 641.3'547'54 | CCEP-BK-43398 | 10/01/2025 | 24/12/2024 | 109.78 | 499.00 | 08/03/2013 | Books | 043398 |